Gakkō kyūshoku ni kansuru yoron chōsa /

Saved in:
Bibliographic Details
Corporate Author: Kokuritsu Yoron Chōsajo.
Format: Book
Language:Japanese
Published: [Tōkyō] : Sōrifu Kokuritsu Yoron Chōsajo, Shōwa 26 [1951]
Series:Seron chōsa hōkokusho ; 31.
Subjects:
Tags: Add Tag
No Tags, Be the first to tag this record!
LEADER 01503cam a2200397Ii 4500
001 007760643-4
005 20170214142547.0
008 900626s1951 ja f000 0 jpn d
010 |a  74818115  
035 0 |a ocm33624051 
040 |a LWU  |b eng  |c LWU  |d OCL  |d OCLCQ  |d OCLCO  |d OCLCQ  |d OCLCO 
043 |a a-ja--- 
050 4 |a LB3479.J33  |b K64 
110 2 |6 880-01  |a Kokuritsu Yoron Chōsajo. 
245 1 0 |6 880-02  |a Gakkō kyūshoku ni kansuru yoron chōsa /  |c Kokuritsu Yoron Chōsajo. 
260 |6 880-03  |a [Tōkyō] :  |b Sōrifu Kokuritsu Yoron Chōsajo,  |c Shōwa 26 [1951] 
300 |a 33 pages ;  |c 21 cm. 
336 |a text  |b txt  |2 rdacontent 
337 |a unmediated  |b n  |2 rdamedia 
338 |a volume  |b nc  |2 rdacarrier 
490 1 |6 880-04  |a Yoron chōsa hōkokusho ;  |v [31] 
500 |a Cover title. 
500 |6 880-05  |a Shōwa 26-nen 6-gatsu jisshi. 
650 0 |a School children  |x Food  |z Japan  |x Public opinion. 
650 0 |a Public opinion  |z Japan. 
653 |6 880-06  |a Gakkōkyūshoku. 
880 2 |6 110-01  |a 国立世論調查所. 
880 1 0 |6 245-02  |a 學校給食に関する世論調查 /  |c 国立世論調查所. 
880 |6 260-03  |a [東京] :  |b 総理府国立世論調查所,  |c 昭和26 [1951] 
880 1 |6 490-04  |a 世論調查報告書 ;  |v [31] 
880 |6 500-05  |a 昭和26年6月実施. 
880 |6 653-06  |a 学校給食. 
830 0 |6 880-07  |a Seron chōsa hōkokusho ;  |v 31. 
880 0 |6 830-07  |a 世論調查報告書 ;  |v 31. 
988 |a 20021220 
906 |0 OCLC